• 首页
  • 本馆介绍
  • 公告通知
  • 最新文献
  • 馆藏检索
  • 电子资源
  • 读者导购
  • 参考咨询
  • 我的图书馆
  • 登录
  • 详细信息显示
  • 放入我的书架
  • 预约/预借图书
  • 作者相关作品
  • 分类相关作品
  • 丛书相关作品
  • 出版社相关作品

书目信息

  • 表格格式
  • 工作单格式
  • 卡片格式
题名:
瑞士简史
    
 
作者: 埃·邦儒尔 著 ;南京大学历史系编译组 译
分册: 上册  
出版信息: 南京   江苏人民出版社  1974.5
页数: 335页
开本: 20cm
丛书名:
单 册:
中图分类: K522.0
科图分类:
主题词: 欧洲--历史
电子资源:
ISBN:
000 00705nam0 2200229 45
001 0212050858
005 20031219104101.7
010    @dCNY2.30
091    @a11100.008
100    @a20021205d1974 km y0chiy0120 ea
101 0  @achi
105    @ab z 000yy
200 1  @a瑞士简史@h上册@ARui Shi Jian Shi@f(瑞士)埃·邦儒尔等著@F(Rui Shi)Ai·Bang Ru Er Deng Zhu@g南京大学历史系编译组译
210    @a南京@c江苏人民出版社@d1974.5
215    @a335页@c地图@d20cm
300    @a内部读物
606 0  @a欧洲@x历史
690    @aK522.0@v1
701  0 @a埃·邦儒尔@4著
712 02 @a南京大学历史系编译组@ANan Jing Da Xue Li Shi Xi Bian Yi Zu@4译
801    @aCN@bTSTC@c20021205
905    @f2@b219181-182@dK522.0@e2:1
    
    瑞士简史.上册/(瑞士)埃·邦儒尔等著/南京大学历史系编译组译.-南京:江苏人民出版社,1974.5
    335页:地图;20cm
    内部读物
    
    ISBN :CNY2.30
    
●
相关链接 在E读中查询图书 在五车中查询图书 在当当中查询图书 在豆瓣中查询图书


正题名:瑞士简史     索取号:K522.0/2:1         预约/预借

序号 登录号 条形码 馆藏地/架位号 状态 备注
1 0219181   001732432   第二借阅区/ [索取号:K522.0/2:1] 在馆    
2 0219182   001732478   第二样本阅览室/ [索取号:K522.0/2:1] 在馆    
唐山师范学院图书馆 欢迎您!
大连网信软件有限公司© 版权所有